| 000 | 01497nam a2200373 4500 | ||
|---|---|---|---|
| 001 | 59458 | ||
| 003 | CO-BoRNBP | ||
| 005 | 20251015205828.0 | ||
| 007 | ta | ||
| 008 | 250131s2024 ck a|||cr|||| 00| j spa d | ||
| 020 | _a9786289562118 | ||
| 040 |
_aCO-BoRNBP _bspa _erda _cCO-BoRNBP |
||
| 041 | 0 | _hspa | |
| 043 | _an-mx--- | ||
| 084 | _aC | ||
| 100 | 1 |
_aCarrasco, Elsa, _d2008- _eaut _965644 |
|
| 245 | 1 | 0 |
_aCuenta conmigo / _cElsa Carrasco y Nancy Anaya ; ilustraciones Paco Baca. |
| 250 | _aEdición especial | ||
| 264 | 1 |
_aBogotá, Colombia : _bCaballito de Acero, _c2024 |
|
| 300 |
_a40 páginas sin numerar : _bilustraciones a color, |
||
| 336 |
_atexto _btxt _2rdacontenido |
||
| 337 |
_asin mediación _bn _2rdamedio |
||
| 338 |
_avolumen _bnc _2rdasoporte |
||
| 520 | _aEsta es la historia de Arturo, un niño con autismo que ama el fútbol, se viste de azul y observa con atención todas las cosas que lo rodean. Con él aprenderás a ver el mundo a través de sus ojos, y tendrás un amigo con quien contar | ||
| 521 | _aRecomendado para un público infantil a partir de los 10 años | ||
| 650 | 0 | 7 |
_aAutismo en niños en la literatura _2lemb _965645 |
| 650 | 0 | 4 |
_aCuentos infantiles mexicanos _ySiglo XXI _2LEMB |
| 650 | 0 | 7 |
_aFutbol en la literatura _2lemb _9356 |
| 650 | 0 | 7 |
_aInteracción social en niños _2LEMB _965646 |
| 650 | 0 | 4 |
_aLiteratura infantil mexicana _2LEMB _92461 |
| 700 |
_aAnaya, Nancy _eaut _965647 |
||
| 700 |
_aBaca, Paco _eill _965648 |
||
| 942 |
_2loc _cBKLITI _n0 |
||
| 999 |
_c59458 _d59458 |
||